000 00585nam a2200229Ia 4500
003 OSt
005 20221005130136.0
006 a|||||r|||| 00| 0
007 ta
008 221004b |||||||| |||| 00| 0 urd d
024 _a13059
037 _cTextual
040 _aCRL
_cCRL
_burd
041 _2urd
_aurd
082 _aQ7:21:g, 168H2
100 _aJung Bahadur Nizamat Au.
_9637651
245 0 _aRahnuma-e-Quran
260 _c1942
650 _aQURAN
_933479
942 _hQ7:21:g, 168H2
_cTEXL
_2cc
999 _c1056222
_d1056222